<?xml version="1.0" encoding="UTF-8"?>
<collection xmlns="http://www.loc.gov/MARC21/slim">
 <record>
  <leader>00457pamaa2200157   4500</leader>
  <controlfield tag="001">0000021030</controlfield>
  <controlfield tag="005">20060814090000.0</controlfield>
  <datafield tag="020" ind1="0" ind2="0">
   <subfield code="a">089134148X (hard) </subfield>
  </datafield>
  <datafield tag="082" ind1=" " ind2=" ">
   <subfield code="a">751.4 TAT</subfield>
  </datafield>
  <datafield tag="090" ind1="0" ind2="0">
   <subfield code="a">ND1120 </subfield>
   <subfield code="b">TAT 1986</subfield>
  </datafield>
  <datafield tag="100" ind1="1" ind2="0">
   <subfield code="a">TATE </subfield>
  </datafield>
  <datafield tag="245" ind1="1" ind2="4">
   <subfield code="a">The North Light illustrated book of painting techniques  </subfield>
   <subfield code="c">Elizabeth Tate.</subfield>
  </datafield>
  <datafield tag="260" ind1="0" ind2="0">
   <subfield code="a">Ohio: </subfield>
   <subfield code="b">North Light Books, </subfield>
   <subfield code="c">1986.</subfield>
  </datafield>
  <datafield tag="300" ind1=" " ind2=" ">
   <subfield code="a">208p.: </subfield>
   <subfield code="b">col.ill.; </subfield>
   <subfield code="c">23cm.</subfield>
  </datafield>
  <datafield tag="650" ind1="0" ind2="0">
   <subfield code="a">Painting -- </subfield>
   <subfield code="x">Technique </subfield>
  </datafield>
  <datafield tag="740" ind1="0" ind2="0">
   <subfield code="a">Painting techniques</subfield>
  </datafield>
 </record>
</collection>
